Making Dreams Come True (Record no. 339361)

MARC details
000 -LEADER
fixed length control field 00487nam a2200169Ia 4500
008 - FIXED-LENGTH DATA ELEMENTS--GENERAL INFORMATION
fixed length control field 230718s9999 xx 000 0 und d
020 ## - INTERNATIONAL STANDARD BOOK NUMBER
International Standard Book Number 9780670087631
041 ## - LANGUAGE CODE
Language code of text/sound track or separate title eng
082 ## - DEWEY DECIMAL CLASSIFICATION NUMBER
Classification number 158.1
Item number KHA
100 ## - MAIN ENTRY--PERSONAL NAME
Personal name Khanna V.C.
9 (RLIN) 197434
245 ## - TITLE STATEMENT
Title Making Dreams Come True
Remainder of title The Story Of The Tech Mahindra Foundation
260 ## - PUBLICATION, DISTRIBUTION, ETC. (IMPRINT)
Date of publication, distribution, etc. 2014
Name of publisher, distributor, etc. Penguin
300 ## - PHYSICAL DESCRIPTION
Extent 260
365 ## - TRADE PRICE
Currency code Rs.
Price amount 599.00
700 ## - ADDED ENTRY--PERSONAL NAME
Personal name Khanna V.C.
9 (RLIN) 197434
906 ## - LOCAL DATA ELEMENT F, LDF (RLIN)
d O:0448106-May-2015B:762513-Apr-2015
c GENRL
b 137.77
Holdings
Withdrawn status Lost status Damaged status Not for loan Home library Current library Date acquired Vendor Budget Code Cost, normal purchase price Bill number Total Checkouts Full call number Barcode Date last seen Discount Cost, replacement price Bill Date Koha item type Original Barcode
        Cummins College of Engineering for Women Pune Cummins College of Engineering for Women Pune 06/05/2015 Technical Book Services GENRL 461.23 7625   158.1 CCEP-BK-50568 18/07/2023 137.77 599.00 13/04/2015 Books 050568